| 000 | 02402nam0a2200349 i 4500 | ||
|---|---|---|---|
| 001 | RU\NLR\BIBL_A\010904882 | ||
| 005 | 20240921154945.0 | ||
| 010 |
_a9785990711327 _9200 |
||
| 021 |
_aRU _b2015-85512 _95233 |
||
| 035 | _a(NILC)RuMoRGB-008059354 | ||
| 035 | _a(NLR Aleph) 010904882 | ||
| 090 |
_a10608937 _c10608937 |
||
| 100 | _a20151120d2015 um y0rusy50 ca | ||
| 101 | 0 | _arus | |
| 102 | _aRU | ||
| 105 | _ab|||j|||000yy | ||
| 200 | 1 |
_aРазвитие местного самоуправления в субъектах Российской Федерации: научно-практическое пособие _e[для студентов очной и заочной формы обучения по направлению подготовки 38.03.04 "Государственное и муниципальное управление"] _fКоннов Иван Александрович, Лаврентьев Александр Рудольфович, Трусов Николай Александрович _gРоссийская акад. нар. хоз -ва и гос. службы при Президенте Российской Федерации, Дзержинский фил. |
|
| 210 |
_aДзержинск _cКонкорд _d2015 |
||
| 215 |
_a429 с. _cцв. карты, табл. _d21 |
||
| 300 | _aВ вып. дан. авт.: Коннов Иван Александрович к.полит.н., доц., Лаврентьев Александр Рудольфович к.ю.н., доц., Трусов Николай Александрович к.ю.н., доц. | ||
| 320 | _aБиблиогр. в подстроч. примеч. и в тексте | ||
| 606 | 1 |
_aМестное самоуправление _jПрактические пособия _yРоссийская Федерация _92077686 _3RU\NLR\AUTH\661253368 |
|
| 675 | _a351/354 | ||
| 686 | 1 | _aХ621.011.2я7 | |
| 700 | 1 |
_aКоннов _bИ. А. _gИван Александрович |
|
| 701 | 1 |
_aЛаврентьев _bА. Р. _gАлександр Рудольфович |
|
| 701 | 1 |
_7ca _8rus _aТрусов _bН. А. _cканд. юрид. наук _f1982- _gНиколай Александрович _9142296 _3RU\NLR\AUTH\770142332 |
|
| 801 | 0 |
_aRU _bРГБ _c20151102 _gRCR |
|
| 942 | _cBOOK | ||
| 980 | _aNBR | ||